US States Bordering Massachusetts - Statistics

General Stats
  • This quiz has been taken 122 times
  • The average score is 5 of 5
Answer Stats
State % Correct
Vermont
98%
Connecticut
97%
Rhode Island
97%
New York
96%
New Hampshire
94%
No matching quizzes found
Score Distribution
Percent of People with Each Score
Percentile by Number Answered
Your Score History
You have not taken this quiz